000 00670nam a2200241Ia 4500
003 OSt
005 20220912153051.0
006 a|||||r|||| 00| 0
007 ta
008 220909b |||||||| |||| 00| 0 eng d
024 _a22592
037 _cTextual
040 _aCSL
_beng
_cCSL
041 _aeng
082 _aB334p1,N80, M2.2
100 _aBrezis H
245 0 _aNonlinear partial differential equations and theie applications college de france seminar
260 _aBoston
_bPitman
_c1982
300 _ap.
_ccm.
700 _a Lions J L
942 _hB334p1,N80, M2.2
_cTEXL
_2CC
999 _c97592
_d97592